000 01260cam a22003977a 4500
003 CHAP
005 20220329135323.0
008 971013s1967 r 00010 d
010 _a34354
011 _a35326
035 _a39442
040 _cCHAP
090 _aFolleto 5370y
100 0 0 _aLwoff, André.
_969254
245 1 3 _aEl orden biológico
260 _aMéxico :
_bSiglo XXI,
_c1967
300 _a119 p.
_b: ilus
490 0 _aColección mínima
_v; 1
500 _ac.2-3 reimpresión de 1985
500 _ac.4-5 en bodega
590 _aBATCH-UPD
_b10
_c20130110
_lUCH01
_h0002
590 _aBATCH-UPD
_b10
_c20130110
_lUCH01
_h1817
590 _aBATCH-UPD
_b10
_c20130409
_lUCH01
_h1937
590 _aBATCH-UPD
_b10
_c20130410
_lUCH01
_h1151
590 _aBATCH-UPD
_b10
_c20130914
_lUCH01
_h0644
590 _aCONVERSION
_b10
_c20130109
_lUCH01
_h1319
650 1 4 _aBioquímica.
_912849
650 1 4 _aGenética.
_947469
650 1 4 _aNucleoproteínas.
_982118
830 0 _aColección mínima
_v; 1
_924935
901 _aBK
942 _cFOLL
949 _aFolleto 5370y
_bBC
_cFOLL
_d-89888
_eTS1
_i39442
_mD
_si
949 _aFolleto 5370y
_bBC
_cFOLL
_d-89889
_eTS2
_fc.2
_i39442
_mD
_si
949 _aFolleto 5370y
_bBC
_cFOLL
_d-89890
_eTS2
_fc.3
_i39442
_mD
_si
999 _c34354
_d34354